000
00464nam a2200145Ia 4500
008
100204s9999 xx 000 0 und d
082
_b
8166
100
_a
नाईक गुरुनाथ
245
_a
मदनज्वाला
260
_b
"बांदोडकर पब्लिशिंग हाऊस, गोवा"
_c
1984
300
_a
177
630
_a
मदनज्वाला
730
_a
मदनज्वाला
942
_c
BOOK
999
_c
452602
_d
452599